Statistics for Name the Nazgul

Click here to take the quiz!

General Stats

  • This quiz has been taken 5 times
  • The average score is 5 of 9

Answer Stats

Answer% Correct
The Witch King of Angmar
80%
The Undying
80%
The Dark Marshal
60%
Khumal the Easterling
60%
The Betrayer
60%
The Tainted
60%
The Knight of Umbar
60%
The Shadow Lord
40%
The Dwimmerlaik
40%

Score Distribution

Percentile by Number Answered

Percent of People with Each Score

Your Score History

You have not taken this quiz